000 00316nam a2200109 4500
999 _c10060
_d10060
008 180730b ||||| |||| 00| 0 eng d
245 _aMalaysia, Singapore brace for more Zika cases.
260 _aPhilippines
_bPhilippine Daily Inquirer
_cc2016
300 _apage A21.
650 0 _929717
_aViruses.
942 _2ddc
_cPER